00209nam a2200097Ia 4500008004100000041000800041082001400049100001700063245002200080260000900102240625s9999 xx 000 0 und d aeng a658.3 PUT aPUTZIER JOHN aEVERYTHING HR KIT c2011